| 000 -ლიდერი |
| ფიქსირებული სიგრძის საკონტროლო ველი |
01708nam a22002177a 4500 |
| 003 - საკონტროლო ნომრის იდენტიფიკატორი |
| საკონტროლო ველი |
Ge_BSU |
| 005 - ბოლო ოპერაციის თარიღი და დრო |
| საკონტროლო ველი |
20221221134410.0 |
| 008 - ფიქსირებული სიგრძის მონაცემთა ელემენტები - ზოგადი ინფორმაცია |
| ფიქსირებული სიგრძის საკონტროლო ველი |
210408s2021 ge ||||| |||| 00| 0 geo d |
| 041 ## - ენის კოდი |
| Language code of text/sound track or separate title |
geo |
| 080 ## - უნივერსალური ათობითი კლასიფიკაციის ინდექსი |
| Universal Decimal Classification number |
58 ა-14 |
| 100 ## - მთავარი ჩანაწერი - პიროვნების სახელი |
| Relator code |
აბაშიძე, ნანა |
| 245 ## - ცნობა სათაურის შესახებ |
| Title |
ბათუმის ბოტანიკურ ბაღში ინტროდუცირებულ ზოგიერთ ეგზოტთა ეკობიომორფოლოგიური და ბიოქიმიური თავისებურებები აჭარის ზღვისპირეთში / |
| Statement of responsibility, etc |
ნანა აბაშიძე; სამეცნიერო ხელმძღვანელი ფ. ჩხაიძე; სამეცნიერო კონსულტანტი ა. კალანდია; ბსუ, საბუნებისმეტყველო მეცნიერებათა და ჯანდაცვის ფაკულტეტი. ბიოლოგიის დეპარტამენტი. |
| 264 ## - წარმოების, გამოცემის, დისტრიბუციის და სხვა ცნობები |
| გამოცემის, წარმოების, დისტრიბუციის... ადგილი |
ბათუმი, |
| გამოცემის, წარმოების, დისტრიბუციის... თარიღი |
2021. |
| 300 ## - ფიზიკური აღწერა |
| Extent |
140 გვ.: |
| Other physical details |
ილ. |
| Dimensions |
30 სმ. |
| 504 ## - BIBLIOGRAPHY, ETC. NOTE |
| Bibliography, etc |
ბიბლიოგრ. გვ. 122-140 |
| 653 ## - INDEX TERM--UNCONTROLLED |
| Uncontrolled term |
ბიოლოგია |
| 653 ## - INDEX TERM--UNCONTROLLED |
| Uncontrolled term |
დისერტაცია |
| 700 ## - ADDED ENTRY--PERSONAL NAME |
| Personal name |
ჩხაიძე, ფ. |
| Relator term |
სამეცნიერო ხელმძღვანელი |
| 9 (RLIN) |
11201 |
| 710 ## - ADDED ENTRY--CORPORATE NAME |
| Corporate name or jurisdiction name as entry element |
ბსუ, |
| Subordinate unit |
საბუნებისმეტყველო მეცნიერებათა და ჯანდაცვის ფაკულტეტი. ბიოლოგიის დეპარტამენტი |
| 9 (RLIN) |
11202 |
| 942 ## - ADDED ENTRY ELEMENTS (KOHA) |
| Source of classification or shelving scheme |
|
| Koha item type |
დისერტაცია |